Normal view
MARC view
Entry Corporate Name
001 - CONTROL NUMBER
- control field: 17880
003 - CONTROL NUMBER IDENTIFIER
- control field: BD-DhEWU
005 - DATE AND TIME OF LATEST TRANSACTION
- control field: 20140820161553.0
008 - FIXED-LENGTH DATA ELEMENTS
- fixed length control field: 140820|| aca||aabn | a|a d
040 ## - CATALOGING SOURCE
- Original cataloging agency: BD-DhEWU
- Transcribing agency: BD-DhEWU
110 ## - HEADING--CORPORATE NAME
- Corporate name or jurisdiction name as entry element: Bangladesh.
- Subordinate unit: Bureau of statistics.
670 ## - SOURCE DATA FOUND
- Source citation: Work cat.: (BD-DhEWU)5407: Twenty years of national accounting of Bangladesh, 1972-73 to 1991-92 /, 1993.